000 00315nam a22001217a 4500
008 181129b xxu||||| |||| 00| 0 eng d
041 _aeng
080 _a043.3
100 _a0
101 _aBTH-SI
245 _aSi ndikojnë emocionet në motivimin e punëtorëve në vendet e punës
_cIslami,F
942 _2udc
_cBK
999 _c52646
_d52646